000
00236nam a2200109Ia 4500
100
_a
Dept.of Production engineering
942
_c
BK
245
_a
Engineering Mechanics 1(2012-2013)
260
_b
#N/A
546
_a
ENGLISH
999
_c
35367
_d
35367